000 00511nam a22001577a 4500
020 _qHard Cover.
082 _a005
100 _aArslan, Muhammad Hashmi
245 _aGait Based Emotion Recognition Using Inertial Data /
_cDr. Qaiser Riaz.
260 _aIslamabad:
_bSEECS - NUST,
_c2018.
650 _aMS CS Thesis
_919295
700 _aDr. Qaiser Riaz.
_919301
856 _uhttp://10.250.8.41:8080/xmlui/handle/123456789/21467
942 _2ddc
_cTHE
999 _c527840
_d527840